[Event "MVP-ch Seniors op 15th"]
[Site "Binz"]
[Date "2015.11.27"]
[Round "4.57"]
[White "Wolke, Reimund"]
[Black "Brueckner, Ewald"]
[Result "1-0"]
[WhiteElo "1765"]
[BlackElo "1559"]
[PlyCount "81"]
[EventDate "2015.11.24"]
[EventType "swiss"]
[EventRounds "9"]
[EventCountry "GER"]
[SourceTitle "EXT 2017"]
[Source "ChessBase"]
[SourceDate "2016.10.25"]
[SourceVersion "1"]
[SourceVersionDate "2016.10.25"]
[SourceQuality "1"]

1. e4 b6 2. d4 Bb7 3. Bd3 e6 4. Nf3 Be7 5. 0-0 d6 6. Nc3 Nd7 7. Qe2 h6 8. Rd1 Qc8 9. Bf4 Ngf6 10. h3 0-0 11. e5 Nd5 12. Nxd5 Bxd5 13. c4 Bxf3 14. Qxf3 f5 15. Qg3 Bg5 16. exd6 Bxf4 17. Qxf4 g5 18. Qe3 Rf6 19. dxc7 Qxc7 20. Rac1 Raf8 21. b4 e5 22. c5 bxc5 23. dxc5 e4 24. Bf1 Ne5 25. Qb3+ Kg7 26. a4 f4 27. Qc3 f3 28. g3 g4 29. Rd5 Re8 30. Rcd1 h5 31. h4 Re7 32. b5 Kg6 33. Qd4 Nf7 34. Qe3 Qa5 35. Rg5+ Nxg5 36. Qxg5+ Kf7 37. Bc4+ Rfe6 38. Qf5+ Kg7 39. Bxe6 Qxa4 40. Qg5+ Kf8 41. Qg8# 1-0

[Event "MVP-ch Seniors op 15th"]
[Site "Binz"]
[Date "2015.11.25"]
[Round "2.86"]
[White "Wenzel, Klaus"]
[Black "Brueckner, Ewald"]
[Result "0-1"]
[WhiteElo "1048"]
[BlackElo "1559"]
[PlyCount "82"]
[EventDate "2015.11.24"]
[EventType "swiss"]
[EventRounds "9"]
[EventCountry "GER"]
[SourceTitle "EXT 2017"]
[Source "ChessBase"]
[SourceDate "2016.10.25"]
[SourceVersion "1"]
[SourceVersionDate "2016.10.25"]
[SourceQuality "1"]

1. b4 b6 2. Bb2 Bb7 3. e3 d6 4. Nf3 Nd7 5. Be2 e5 6. 0-0 Be7 7. Bc4 Bf6 8. c3 Ne7 9. d4 e4 10. Nfd2 d5 11. Bb3 0-0 12. c4 c6 13. c5 bxc5 14. bxc5 Nxc5 15. Bc2 Ba6 16. Re1 Nd3 17. Bxd3 Bxd3 18. Nb3 Rb8 19. Ba3 Bxb1 20. Rxb1 Re8 21. Nc5 Qa5 22. Qa4 Qxa4 23. Nxa4 Ng6 24. g3 Be7 25. Bxe7 Nxe7 26. Nc5 h6 27. Rb3 Rb5 28. Reb1 Reb8 29. Nd7 Rxb3 30. axb3 Rb5 31. Nc5 a5 32. Na4 Nc8 33. Nc5 Kf8 34. Na4 Ke7 35. Kg2 Kd6 36. Nc5 Nb6 37. Nb7+ Kc7 38. Nc5 Nc4 39. Na6+ Kd6 40. b4 Rb6 41. Nc5 axb4 0-1

[Event "Hessen-ch Seniors op 11th"]
[Site "Bad Sooden-Allendorf"]
[Date "2015.05.17"]
[Round "9"]
[White "Brueckner, Ewald"]
[Black "Dachrodt, Heinz Guenther"]
[Result "1/2-1/2"]
[WhiteElo "1776"]
[BlackElo "1614"]
[PlyCount "64"]
[EventDate "2015.05.09"]
[EventType "swiss"]
[EventRounds "9"]
[EventCountry "GER"]
[SourceTitle "EXT 2018"]
[Source "ChessBase"]
[SourceDate "2017.10.13"]
[SourceVersion "1"]
[SourceVersionDate "2017.10.13"]
[SourceQuality "1"]

1. f4 b6 2. Nf3 Bb7 3. e3 d6 4. Be2 Nd7 5. 0-0 e5 6. fxe5 dxe5 7. d4 Bd6 8. dxe5 Nxe5 9. Nxe5 Bxe5 10. Bf3 Qxd1 11. Rxd1 Bxf3 12. gxf3 Ne7 13. c3 0-0 14. f4 Bf6 15. Na3 Rfd8 16. Rxd8+ Rxd8 17. e4 Rd1+ 18. Kg2 Ng6 19. Nc2 Be7 20. Be3 Rxa1 21. Nxa1 f6 22. Nc2 c5 23. Ne1 Bd6 24. Kg3 Ne7 25. Kf3 Kf7 26. h3 Nc6 27. Nd3 Na5 28. b3 c4 29. b4 Nc6 30. Nb2 b5 31. a4 a6 32. axb5 axb5 1/2-1/2

[Event "Hessen-ch Seniors op 11th"]
[Site "Bad Sooden-Allendorf"]
[Date "2015.05.16"]
[Round "8"]
[White "Barlo, Werner"]
[Black "Brueckner, Ewald"]
[Result "1/2-1/2"]
[WhiteElo "1813"]
[BlackElo "1776"]
[PlyCount "95"]
[EventDate "2015.05.09"]
[EventType "swiss"]
[EventRounds "9"]
[EventCountry "GER"]
[SourceTitle "EXT 2018"]
[Source "ChessBase"]
[SourceDate "2017.10.13"]
[SourceVersion "1"]
[SourceVersionDate "2017.10.13"]
[SourceQuality "1"]

1. d4 b6 2. c4 Bb7 3. Nc3 e6 4. a3 d6 5. e4 Be7 6. Be3 h6 7. Bd3 Bg5 8. Qd2 Bxe3 9. Qxe3 Nd7 10. Nge2 Qg5 11. Qxg5 hxg5 12. Nb5 Kd8 13. 0-0-0 a6 14. Nbc3 f6 15. f3 e5 16. Bc2 Ne7 17. g3 Ke8 18. h4 gxh4 19. gxh4 Kf7 20. d5 Rag8 21. Rdg1 g6 22. b4 Rh6 23. Rg2 Rgh8 24. Rgh2 f5 25. f4 exf4 26. Nxf4 Ne5 27. Ne6 Nxc4 28. a4 c6 29. Ng5+ Kf6 30. Bb3 cxd5 31. Nxd5+ Nxd5 32. Bxc4 Ne3 33. Bd3 Rc8+ 34. Kd2 Nc4+ 35. Ke2 Ne5 36. Rd1 Ng4 37. Rh3 Rch8 38. Nf3 fxe4 39. Bxe4 Bxe4 40. Rxd6+ Ke7 41. Rxb6 Bxf3+ 42. Kxf3 Ne5+ 43. Ke4 Nd7 44. Rxa6 Rxh4+ 45. Rxh4 Rxh4+ 46. Kd5 Rxb4 47. Rxg6 Rxa4 48. Rg7+ 1/2-1/2

[Event "Schleswig Holstein-ch Seniors op"]
[Site "Buesum"]
[Date "2014.10.01"]
[Round "7"]
[White "Schwertel, Johann"]
[Black "Brueckner, Ewald"]
[Result "1/2-1/2"]
[WhiteElo "2003"]
[BlackElo "1753"]
[PlyCount "29"]
[EventDate "2014.09.25"]
[EventType "swiss"]
[EventRounds "9"]
[EventCountry "GER"]
[SourceTitle "EXT 2018"]
[Source "ChessBase"]
[SourceDate "2017.10.13"]
[SourceVersion "1"]
[SourceVersionDate "2017.10.13"]
[SourceQuality "1"]

1. d4 b6 2. Nf3 Bb7 3. Bf4 e6 4. Nbd2 Nf6 5. Bg3 Be7 6. e3 Ne4 7. Bf4 0-0 8. Bd3 f5 9. h3 Bh4 10. 0-0 Nxd2 11. Nxd2 Bg5 12. Bg3 Bh4 13. Bh2 Rf6 14. Nf3 Rg6 15. Qe2 1/2-1/2

[Event "Schleswig Holstein-ch Seniors op"]
[Site "Buesum"]
[Date "2014.09.30"]
[Round "6"]
[White "Brueckner, Ewald"]
[Black "Geibel, Henning"]
[Result "1-0"]
[WhiteElo "1753"]
[BlackElo "1464"]
[PlyCount "71"]
[EventDate "2014.09.25"]
[EventType "swiss"]
[EventRounds "9"]
[EventCountry "GER"]
[SourceTitle "EXT 2018"]
[Source "ChessBase"]
[SourceDate "2017.10.13"]
[SourceVersion "1"]
[SourceVersionDate "2017.10.13"]
[SourceQuality "1"]

1. f4 e6 2. Nf3 d5 3. d4 Nf6 4. e3 Be7 5. Be2 0-0 6. 0-0 c5 7. c3 cxd4 8. cxd4 b6 9. Nc3 Ba6 10. Ne5 Bxe2 11. Qxe2 Bd6 12. Bd2 a6 13. Rac1 b5 14. a3 Bxe5 15. fxe5 Nfd7 16. Rf3 Nc6 17. Nxd5 Nxd4 18. exd4 exd5 19. Rcf1 f6 20. Bb4 Re8 21. e6 Nb6 22. Bc5 Nc8 23. Re1 Nd6 24. b4 Ne4 25. e7 Qd7 26. Qa2 Nxc5 27. bxc5 Rxe7 28. Rxe7 Qxe7 29. Qxd5+ Kf8 30. Qxa8+ Kf7 31. Qd5+ Kf8 32. Qd6 Qxd6 33. cxd6 Ke8 34. Re3+ Kd7 35. Re7+ Kxd6 36. Rxg7 1-0

[Event "Schleswig Holstein-ch Seniors op"]
[Site "Buesum"]
[Date "2014.09.29"]
[Round "5"]
[White "Nickel, Juergen"]
[Black "Brueckner, Ewald"]
[Result "1-0"]
[WhiteElo "1916"]
[BlackElo "1753"]
[PlyCount "100"]
[EventDate "2014.09.25"]
[EventType "swiss"]
[EventRounds "9"]
[EventCountry "GER"]
[SourceTitle "EXT 2018"]
[Source "ChessBase"]
[SourceDate "2017.10.13"]
[SourceVersion "1"]
[SourceVersionDate "2017.10.13"]
[SourceQuality "1"]

1. d4 b6 2. Nf3 Bb7 3. e3 e6 4. Bd3 Be7 5. 0-0 d6 6. c4 Nd7 7. Nc3 Ngf6 8. a3 0-0 9. b4 Ne8 10. Bb2 f5 11. Qe2 e5 12. dxe5 dxe5 13. e4 f4 14. Rfd1 Qc8 15. Nd5 Bd6 16. Ng5 c6 17. Nc3 Rf6 18. c5 Be7 19. Bc4+ Kh8 20. Qh5 Nf8 21. Nf7+ Rxf7 22. Qxf7 Nf6 23. Qxe7 Ba6 24. Bxa6 Qxa6 25. Rd8 Rxd8 26. Qxd8 Kg8 27. Rd1 Qc4 28. Qd3 Qb3 29. Rd2 Ne6 30. Nd5 Qxd3 31. Nxf6+ gxf6 32. Rxd3 bxc5 33. bxc5 Nxc5 34. Rc3 Nxe4 35. Rxc6 Kg7 36. Rc7+ Kg6 37. Rxa7 Nd2 38. f3 h5 39. Rb7 h4 40. h3 Kf5 41. a4 Nc4 42. Bc3 Nd6 43. Rd7 Ke6 44. Rh7 f5 45. Rxh4 Kd5 46. a5 Nb5 47. Bd2 Kd4 48. a6 Kd3 49. Bxf4 exf4 50. Rxf4 Nd4 1-0

[Event "Schleswig Holstein-ch Seniors op"]
[Site "Buesum"]
[Date "2014.09.28"]
[Round "4"]
[White "Brueckner, Ewald"]
[Black "Gottschalk, Juergen"]
[Result "1-0"]
[WhiteElo "1753"]
[BlackElo "1615"]
[PlyCount "69"]
[EventDate "2014.09.25"]
[EventType "swiss"]
[EventRounds "9"]
[EventCountry "GER"]
[SourceTitle "EXT 2018"]
[Source "ChessBase"]
[SourceDate "2017.10.13"]
[SourceVersion "1"]
[SourceVersionDate "2017.10.13"]
[SourceQuality "1"]

1. f4 Nf6 2. Nf3 Nc6 3. e3 d5 4. Be2 e6 5. d4 Be7 6. 0-0 0-0 7. c3 a6 8. Ne5 Bd7 9. Bf3 Ne4 10. Bxe4 dxe4 11. Nd2 f5 12. Ndc4 b5 13. Nxc6 Bxc6 14. Ne5 Be8 15. Qb3 Rf6 16. Rd1 Bd6 17. Bd2 Rh6 18. Be1 Qe7 19. Rac1 Bxe5 20. dxe5 c5 21. Rd6 c4 22. Qc2 a5 23. Rcd1 Qa7 24. R1d4 Qf7 25. Qd2 Qh5 26. Bg3 Qf7 27. Rd8 Rxd8 28. Rxd8 Kf8 29. Ra8 Qc7 30. Qd6+ Qe7 31. Rxa5 Kf7 32. Qd4 Kg6 33. Ra7 Qf8 34. Qd8 Kh5 35. Qg5# 1-0

[Event "Schleswig Holstein-ch Seniors op"]
[Site "Buesum"]
[Date "2014.09.27"]
[Round "3"]
[White "Merettig, Georg"]
[Black "Brueckner, Ewald"]
[Result "1-0"]
[WhiteElo "1928"]
[BlackElo "1753"]
[PlyCount "43"]
[EventDate "2014.09.25"]
[EventType "swiss"]
[EventRounds "9"]
[EventCountry "GER"]
[SourceTitle "EXT 2018"]
[Source "ChessBase"]
[SourceDate "2017.10.13"]
[SourceVersion "1"]
[SourceVersionDate "2017.10.13"]
[SourceQuality "1"]

1. Nc3 b6 2. f4 Bb7 3. e4 e6 4. Bc4 Be7 5. Nf3 d6 6. 0-0 Nd7 7. d4 Ngf6 8. e5 Ne4 9. Qe1 Nxc3 10. bxc3 d5 11. Bd3 c5 12. Qg3 g6 13. Ng5 c4 14. Nxe6 fxe6 15. Bxg6+ Kf8 16. f5 hxg6 17. fxe6+ Nf6 18. Qxg6 Qe8 19. Bh6+ Rxh6 20. Qxh6+ Kg8 21. exf6 Bxf6 22. Rxf6 1-0

[Event "Hessen-ch Seniors op 10th"]
[Site "Bad Sooden-Allendorf"]
[Date "2014.05.04"]
[Round "9"]
[White "Kynast, Reinhard"]
[Black "Brueckner, Ewald"]
[Result "1/2-1/2"]
[WhiteElo "1867"]
[BlackElo "1764"]
[PlyCount "38"]
[EventDate "2014.04.26"]
[EventType "swiss"]
[EventRounds "9"]
[EventCountry "GER"]
[SourceTitle "EXT 2018"]
[Source "ChessBase"]
[SourceDate "2017.10.13"]
[SourceVersion "1"]
[SourceVersionDate "2017.10.13"]
[SourceQuality "1"]

1. c4 b6 2. Nc3 Bb7 3. e4 e6 4. a3 d6 5. d4 Be7 6. Nf3 Nd7 7. Be2 h6 8. 0-0 Ngf6 9. Qc2 0-0 10. Rd1 Rc8 11. h3 Nh7 12. Bd3 e5 13. Be3 Kh8 14. Rac1 c5 15. dxe5 Nxe5 16. Be2 Nxf3+ 17. Bxf3 Bg5 18. Bxg5 Nxg5 19. Rxd6 Nxf3+ 1/2-1/2

[Event "Hessen-ch Seniors op 10th"]
[Site "Bad Sooden-Allendorf"]
[Date "2014.05.03"]
[Round "8"]
[White "Brueckner, Ewald"]
[Black "Maczollek, Helmut"]
[Result "1-0"]
[WhiteElo "1764"]
[BlackElo "1606"]
[PlyCount "83"]
[EventDate "2014.04.26"]
[EventType "swiss"]
[EventRounds "9"]
[EventCountry "GER"]
[SourceTitle "EXT 2018"]
[Source "ChessBase"]
[SourceDate "2017.10.13"]
[SourceVersion "1"]
[SourceVersionDate "2017.10.13"]
[SourceQuality "1"]

1. f4 d5 2. Nf3 e6 3. d4 c5 4. c3 Nc6 5. e3 Nf6 6. Be2 Be7 7. 0-0 0-0 8. Ne5 Ne4 9. Nd2 Nxd2 10. Nxc6 bxc6 11. Bxd2 a5 12. Bd3 g6 13. h3 Ba6 14. Bxa6 Rxa6 15. Qe2 Ra8 16. e4 cxd4 17. cxd4 dxe4 18. Qxe4 Qd5 19. Rae1 Bb4 20. Rf2 Rad8 21. Bxb4 axb4 22. Rd2 c5 23. Qxd5 Rxd5 24. Red1 Rfd8 25. Kf2 Kg7 26. Ke3 f5 27. dxc5 Kf7 28. Rxd5 exd5 29. Kd4 Ke7 30. Re1+ Kf6 31. Re5 Ra8 32. Re2 Rd8 33. g3 h6 34. c6 Rd6 35. Kc5 Rd8 36. Kxb4 d4 37. Rd2 d3 38. Kc5 Ke6 39. c7 Rd5+ 40. Kc6 Rd6+ 41. Kb7 Rd7 42. Kb8 1-0

[Event "Hessen-ch Seniors op 10th"]
[Site "Bad Sooden-Allendorf"]
[Date "2014.05.02"]
[Round "7"]
[White "Meinke, Dietlind"]
[Black "Brueckner, Ewald"]
[Result "1-0"]
[WhiteElo "1925"]
[BlackElo "1764"]
[PlyCount "44"]
[EventDate "2014.04.26"]
[EventType "swiss"]
[EventRounds "9"]
[EventCountry "GER"]
[SourceTitle "EXT 2018"]
[Source "ChessBase"]
[SourceDate "2017.10.13"]
[SourceVersion "1"]
[SourceVersionDate "2017.10.13"]
[SourceQuality "1"]

1. e4 b6 2. d4 Bb7 3. Bd3 e6 4. Nf3 Be7 5. 0-0 d6 6. Qe2 Nd7 7. h3 Ngf6 8. Bf4 0-0 9. c4 h6 10. Nc3 Ne8 11. Rfe1 Kh8 12. Rad1 Rg8 13. Nh2 Bg5 14. Bxg5 Qxg5 15. Nf3 Qe7 16. Bc2 e5 17. d5 g5 18. Nh2 Rg6 19. Rd3 Nef6 20. Bd1 Rag8 21. g4 R8g7 22. Nf3 Rh7 1-0

[Event "MVP-ch Seniors op 12th"]
[Site "Binz"]
[Date "2012.12.03"]
[Round "6"]
[White "Brueckner, Ewald"]
[Black "Ganslmayer, Herbert"]
[Result "0-1"]
[WhiteElo "1526"]
[BlackElo "1675"]
[PlyCount "78"]
[EventDate "2012.11.28"]
[EventType "swiss"]
[EventRounds "9"]
[EventCountry "GER"]
[SourceTitle "EXT 2014"]
[Source "ChessBase"]
[SourceDate "2013.11.20"]
[SourceVersion "1"]
[SourceVersionDate "2013.11.20"]
[SourceQuality "1"]

1. f4 Nf6 2. Nf3 e6 3. e3 b6 4. Be2 Bb7 5. 0-0 Nc6 6. d4 Bd6 7. Ne5 Ne4 8. Nd2 Nxd2 9. Bxd2 0-0 10. Bf3 a5 11. c3 Rb8 12. g3 Ba6 13. Be2 Bc8 14. Bf3 Ne7 15. Nc4 Nf5 16. e4 Nh4 17. Nxd6 cxd6 18. Be1 Nxf3+ 19. Qxf3 f5 20. exf5 Bb7 21. Qe2 exf5 22. Bd2 Be4 23. Rfe1 Rf6 24. Qf2 d5 25. Re3 Rc8 26. Rc1 Rcc6 27. c4 Qc7 28. Qf1 dxc4 29. Rxc4 d5 30. Rxc6 Rxc6 31. Qb5 Kf7 32. Re2 Qd7 33. Qa6 Ke6 34. b3 Qe8 35. Qb7 Kf6 36. Be3 Re6 37. Bf2 Qh5 38. Qa6 Qf3 39. Kf1 Bd3 0-1

[Event "MVP-ch Seniors op 12th"]
[Site "Binz"]
[Date "2012.11.30"]
[Round "3"]
[White "Vietinghoff, Klaus"]
[Black "Brueckner, Ewald"]
[Result "1-0"]
[WhiteElo "1688"]
[BlackElo "1526"]
[PlyCount "105"]
[EventDate "2012.11.28"]
[EventType "swiss"]
[EventRounds "9"]
[EventCountry "GER"]
[SourceTitle "EXT 2014"]
[Source "ChessBase"]
[SourceDate "2013.11.20"]
[SourceVersion "1"]
[SourceVersionDate "2013.11.20"]
[SourceQuality "1"]

1. f4 b6 2. e4 e6 3. d4 Bb7 4. Nc3 Be7 5. Nf3 d6 6. Bd3 Bh4+ 7. g3 Be7 8. 0-0 Nd7 9. Be3 Ngf6 10. Ng5 h5 11. h3 Ng8 12. Qf3 Nf8 13. Qf2 f6 14. Nf3 Qd7 15. a4 a6 16. Kh2 0-0-0 17. d5 g6 18. b4 Nh6 19. Kg2 Nf7 20. b5 a5 21. Nd4 e5 22. Nc6 Re8 23. Rab1 Rg8 24. Bxb6 cxb6 25. Qxb6 Qc7 26. Qxa5 Qxa5 27. Nxa5 exf4 28. b6 fxg3 29. Nxb7 Kxb7 30. a5 Ra8 31. a6+ Rxa6 32. Bxa6+ Kxa6 33. b7 Nd7 34. Rb3 Nb6 35. Na4 Nc4 36. Nc5+ dxc5 37. Ra1+ Na5 38. b8Q Rxb8 39. Rxb8 Ka7 40. Rb5 Bd8 41. Rxc5 Nd6 42. Raxa5+ Bxa5 43. Rxa5+ Kb6 44. Ra4 Kb5 45. Rd4 h4 46. e5 fxe5 47. Rxh4 Nf5 48. Re4 Kc5 49. Rxe5 Kd4 50. Rxf5 gxf5 51. d6 Kc3 52. d7 f4 53. d8Q 1-0

[Event "Bad Wiessee Seniors op"]
[Site "Bad Wiessee"]
[Date "2012.04.26"]
[Round "6"]
[White "Wawrinsky, Ludwig"]
[Black "Brueckner, Ewald"]
[Result "1-0"]
[WhiteElo "1692"]
[BlackElo "1553"]
[PlyCount "107"]
[EventDate "2012.04.21"]
[EventType "swiss"]
[EventRounds "9"]
[EventCountry "GER"]
[SourceTitle "EXT 2015"]
[Source "ChessBase"]
[SourceDate "2014.11.20"]
[SourceVersion "1"]
[SourceVersionDate "2014.11.20"]
[SourceQuality "1"]

1. e4 e6 2. d4 d6 3. Nf3 Be7 4. Bd3 b6 5. 0-0 Bb7 6. Re1 Nd7 7. c4 e5 8. d5 Ngf6 9. Nc3 0-0 10. h3 a6 11. Nh2 Bc8 12. Ne2 Nc5 13. Ng3 Bd7 14. Bc2 b5 15. b3 Kh8 16. Nf5 Bxf5 17. exf5 Rg8 18. Kh1 Nfd7 19. Bb2 bxc4 20. bxc4 Nb6 21. Qe2 Rb8 22. Rab1 Qd7 23. Ba1 Bf6 24. Ng4 Qe7 25. Nxf6 Qxf6 26. f4 Qh4 27. fxe5 dxe5 28. Qxe5 Qxc4 29. Rbc1 Ncd7 30. Qg3 Qxd5 31. Bb3 Qxf5 32. Rf1 Qg6 33. Qh4 Nf6 34. Rxc7 Nbd5 35. Rcc1 Ne3 36. Rg1 Rbc8 37. Rxc8 Rxc8 38. Qf4 Nfd5 39. Qf3 Rd8 40. Bb2 f5 41. Rc1 Nf4 42. Rc7 Ne6 43. Re7 Rd2 44. Qa8+ Rd8 45. Qc6 Qg3 46. Re8+ Nf8 47. Bxg7+ Qxg7 48. Rxd8 Qa1+ 49. Kh2 Nf1+ 50. Kg1 Nd2+ 51. Kf2 Qf1+ 52. Ke3 Qe1+ 53. Kd3 Qe7 54. Qc3+ 1-0

[Event "Bad Wiessee Seniors op"]
[Site "Bad Wiessee"]
[Date "2012.04.25"]
[Round "5"]
[White "Brueckner, Ewald"]
[Black "Bardin, Christian"]
[Result "1/2-1/2"]
[WhiteElo "1553"]
[BlackElo "1620"]
[PlyCount "60"]
[EventDate "2012.04.21"]
[EventType "swiss"]
[EventRounds "9"]
[EventCountry "GER"]
[SourceTitle "EXT 2015"]
[Source "ChessBase"]
[SourceDate "2014.11.20"]
[SourceVersion "1"]
[SourceVersionDate "2014.11.20"]
[SourceQuality "1"]

1. f4 Nf6 2. Nf3 g6 3. e3 Bg7 4. d4 d5 5. Be2 0-0 6. 0-0 c5 7. c3 cxd4 8. cxd4 Bf5 9. Nc3 Nc6 10. Ne5 Rc8 11. Bd3 Bxd3 12. Nxd3 e6 13. Bd2 a6 14. Rc1 Ne7 15. Qf3 Qd6 16. a3 Nd7 17. Na2 Nc6 18. Ne5 Ndxe5 19. fxe5 Qd7 20. Nb4 Nxb4 21. Bxb4 Rxc1 22. Rxc1 Rc8 23. Qd1 Rxc1 24. Qxc1 Qc6 25. Qc5 Qxc5 26. Bxc5 f6 27. exf6 Bxf6 28. Kf2 Kf7 29. Kf3 h5 30. b3 Bd8 1/2-1/2

[Event "Hessen-chB"]
[Site "Offenbach"]
[Date "2012.04.07"]
[Round "7"]
[White "Arnold, Michael"]
[Black "Brueckner, Ewald"]
[Result "1/2-1/2"]
[WhiteElo "1846"]
[BlackElo "1766"]
[PlyCount "31"]
[EventDate "2012.04.05"]
[EventType "swiss"]
[EventRounds "7"]
[EventCountry "GER"]
[SourceTitle "EXT 2013"]
[Source "ChessBase"]
[SourceDate "2012.11.22"]
[SourceVersion "1"]
[SourceVersionDate "2012.11.22"]
[SourceQuality "1"]

1. e4 b6 2. Nf3 Bb7 3. Nc3 e6 4. d4 d6 5. Bd3 Nd7 6. Bf4 Be7 7. Qd2 Ngf6 8. 0-0 h6 9. Qe2 Nh7 10. Rad1 0-0 11. Rfe1 a6 12. Bc1 Re8 13. Nd2 Bg5 14. Nf3 Bxc1 15. Rxc1 Qf6 16. Qe3 1/2-1/2

[Event "MVP-ch Seniors op 11th"]
[Site "Binz"]
[Date "2011.12.05"]
[Round "6.71"]
[White "Staudinger, Karl"]
[Black "Brueckner, Ewald"]
[Result "0-1"]
[WhiteElo "1072"]
[BlackElo "1529"]
[PlyCount "88"]
[EventDate "2011.11.30"]
[EventType "swiss"]
[EventRounds "9"]
[EventCountry "GER"]
[SourceTitle "EXT 2013"]
[Source "ChessBase"]
[SourceDate "2012.11.22"]
[SourceVersion "1"]
[SourceVersionDate "2012.11.22"]
[SourceQuality "1"]

1. g3 c6 2. Nf3 d6 3. b3 e5 4. Bb2 Be6 5. Bg2 Nd7 6. b4 Be7 7. c3 Bf6 8. d3 Ne7 9. Nbd2 0-0 10. Rc1 a5 11. Ne4 Nc8 12. Ned2 axb4 13. c4 Rxa2 14. Rb1 c5 15. Ne4 Qb6 16. Nxf6+ Nxf6 17. h3 Ne7 18. 0-0 Rfa8 19. Nxe5 dxe5 20. Bxe5 Nd7 21. Bb2 Nc6 22. e3 f6 23. h4 Qc7 24. f4 Ne7 25. h5 f5 26. Qe1 Rf8 27. Rf2 Nf6 28. Bf3 b6 29. Re2 Qd7 30. d4 Bxc4 31. Rc2 Bd3 32. Rbc1 Bxc2 33. Rxc2 b3 34. Rd2 c4 35. Qc1 b5 36. d5 Ne4 37. Bxe4 fxe4 38. Qc3 Qg4 39. h6 Nf5 40. hxg7 Qxg7 41. d6 Qxc3 42. Bxc3 Rxd2 43. Bxd2 Nxd6 44. Bc3 b4 0-1

[Event "MVP-ch Seniors op 11th"]
[Site "Binz"]
[Date "2011.12.02"]
[Round "3.49"]
[White "Brueckner, Ewald"]
[Black "Johannsen, Ingbert"]
[Result "0-1"]
[WhiteElo "1529"]
[BlackElo "1809"]
[PlyCount "98"]
[EventDate "2011.11.30"]
[EventType "swiss"]
[EventRounds "9"]
[EventCountry "GER"]
[SourceTitle "EXT 2013"]
[Source "ChessBase"]
[SourceDate "2012.11.22"]
[SourceVersion "1"]
[SourceVersionDate "2012.11.22"]
[SourceQuality "1"]

1. f4 d5 2. Nf3 c5 3. e3 e6 4. Be2 Nf6 5. c3 Be7 6. 0-0 0-0 7. d4 b6 8. Ne5 Qc7 9. Bf3 Bb7 10. b3 Nbd7 11. Bb2 Rad8 12. Nd2 Rfe8 13. Rc1 Nf8 14. Bh5 Nxh5 15. Qxh5 Bd6 16. Qf3 f6 17. Ng4 Ng6 18. g3 Ne7 19. h4 Rf8 20. Qg2 h5 21. Nh2 Nf5 22. Rfe1 Kf7 23. Nhf3 Nh6 24. e4 dxe4 25. Nxe4 Be7 26. Qe2 Bc8 27. Kg2 g6 28. Qc4 a6 29. a4 Qa7 30. b4 Rd5 31. Ba3 cxd4 32. Nxd4 Qb7 33. Qc6 Nf5 34. Qxb7 Bxb7 35. Nxf5 gxf5 36. Nf2 Rg8 37. Kh2 Rd2 38. Rf1 Bf3 39. Kh3 Be2 40. Rg1 Rgd8 41. Kg2 Bg4 42. Kf1 Bf3 43. c4 Ra2 44. Rc3 Be4 45. c5 Rdd2 46. c6 Bxb4 47. c7 Rxf2+ 48. Ke1 Bxc3+ 49. Kd1 Ra1+ 0-1

[Event "Main Vogelsberg op 6th"]
[Site "Hanau"]
[Date "2011.06.03"]
[Round "3"]
[White "Fink, Leander"]
[Black "Brueckner, Ewald"]
[Result "1-0"]
[WhiteElo "2105"]
[BlackElo "1604"]
[PlyCount "93"]
[EventDate "2011.06.02"]
[EventType "swiss"]
[EventRounds "7"]
[EventCountry "GER"]
[SourceTitle "CBM 142 Extra"]
[Source "ChessBase"]
[SourceDate "2011.06.27"]
[SourceVersion "1"]
[SourceVersionDate "2011.06.27"]
[SourceQuality "1"]

1. e4 b6 2. d4 Bb7 3. Nc3 e6 4. Nf3 d6 5. Be2 Nd7 6. Be3 Be7 7. Qd2 Ngf6 8. e5 Nd5 9. Nxd5 Bxd5 10. 0-0 Bxf3 11. exd6 Bxe2 12. dxe7 Qxe7 13. Qxe2 0-0 14. Rad1 Rfe8 15. Rfe1 h6 16. Bf4 Nf6 17. c4 c6 18. Qf3 Rac8 19. d5 cxd5 20. cxd5 Qb4 21. dxe6 Rxe6 22. Rxe6 fxe6 23. Bxh6 Qxb2 24. Bxg7 Rc1 25. Bxf6 Rxd1+ 26. Qxd1 Qxf6 27. h3 a5 28. a4 Qb2 29. Qg4+ Kf7 30. h4 b5 31. Qh5+ Ke7 32. Qc5+ Kf6 33. Qf8+ Kg6 34. Qe8+ Kf5 35. Qxb5+ Qxb5 36. axb5 a4 37. b6 a3 38. b7 a2 39. b8Q a1Q+ 40. Kh2 e5 41. Qc8+ Ke4 42. Qc6+ Kf5 43. h5 Qd4 44. Qg6+ Kf4 45. h6 e4 46. h7 Qc3 47. Qg3+ 1-0